<La> logistique d'entreprise
Na minha lista:
| Formato: | Livro |
|---|---|
| Idioma: | francês |
| Publicado em: |
Paris
Apec
1991
|
| Edição: | 1. éd. |
| Tags: |
Sem tags, seja o primeiro a adicionar uma tag!
|
MARC
| LEADER | 00000nam a2200000 4500 | ||
|---|---|---|---|
| 001 | c033402 | ||
| 005 | 20221214094048.5 | ||
| 041 | 0 | |a fre | |
| 044 | |a FR | ||
| 245 | 1 | 0 | |a <La> logistique d'entreprise |
| 250 | |a 1. éd. | ||
| 264 | 1 | |a Paris |b Apec |c 1991 | |
| 300 | |a 36 l. | ||